Censo escolar de España llevado a afecto el día 7 de marzo de 1903 / (Record no. 56910)

MARC details
000 -LEADER
campo de control de longitud fija 00614nam a2200157 i 4500
001 - NÚMERO DE CONTROL
campo de control 56910
003 - IDENTIFICADOR DE NÚMERO DE CONTROL
campo de control ES-MaACL
005 - FECHA Y HORA DE LA ÚLTIMA TRANSACCIÓN
campo de control 20230906163454.0
007 - CAMPO FIJO DE DESCRIPCIÓN FÍSICA--INFORMACIÓN GENERAL
campo de control de longitud fija t|
008 - DATOS DE LONGITUD FIJA--INFORMACIÓN GENERAL
campo de control de longitud fija 031014s1904 sp ||||1| spa d
110 2# - ENTRADA PRINCIPAL--NOMBRE DE ENTIDAD CORPORATIVA
Nombre de entidad corporativa o nombre de jurisdicción como elemento de entrada Instituto Geográfico, Catastral y de Estadística (España)
9 (RLIN) 5072
245 10 - MENCIÓN DEL TÍTULO
Título Censo escolar de España llevado a afecto el día 7 de marzo de 1903 /
Mención de responsabilidad, etc. Dirección General del Instituto Geográfico y Estadístico.
260 ## - PUBLICACIÓN, DISTRIBUCIÓN, ETC.
Lugar de publicación, distribución, etc. Madrid :
Nombre del editor, distribuidor, etc. [s.n.],
Fecha de publicación, distribución, etc. 1904 (
Fabricante Imp. de la Dirección General del Instituto Geográfico y Estadístico)
300 ## - DESCRIPCIÓN FÍSICA
Extensión XIII, 499 p. ;
Dimensiones 27 cm.
852 ## - LOCALIZACIÓN
Ubicación ES-MaACL
Número de control de estantería C-11979
Holdings
Estatus retirado Estado de pérdida Estado de daño No para préstamo Biblioteca de origen Biblioteca actual Ubicación en estantería Fecha de adquisición Fuente de adquisición Total de préstamos Signatura topográfica completa Código de barras Visto por última vez Precio de reemplazo Tipo de ítem Koha
        Biblioteca del Ateneo de Madrid Biblioteca del Ateneo de Madrid Sala Palomar 17/01/2008     C-11979 1059764 23/02/2023 23/02/2023 Libro impreso